Statistiques concernant Culture Générale - Série 321

Cliquez ici pour prendre le quiz!

Statistiques générales

  • Ce quiz a été pris 160 fois
    (148 depuis la dernière actualisation)
  • Le résultat moyen est 5 sur 10

Statistiques - réponses

QuestionRéponse% Correct
Selon le proverbe, on déshabille Pierre pour habiller qui ?Paul
89%
Sous l'étiquette de quel parti Jimmy Carter a-t-il été élu président ?Parti démocrate
88%
De quelle capitale européenne Eugène Sue a-t-il écrit "Les Mystères" ?Paris
75%
Qui a créé les personnages de Gargantua et Pantagruel ?Rabelais
75%
De quel parti politique Winston Churchill fut-il le leader ?Parti conservateur
58%
Dans quel film Louis de Funès est-il plongé dans une cuve de chewing-gum ?Les aventures de Rabbi Jacob
52%
Quelle radio est évoquée par Philippe Lavil dans "Il tape sur des bambous" ?Radio Jamaïque
30%
Qui est la compagne de Pongo dans "Les 101 Dalmatiens" ?Perdita
29%
Quels mots complètent la formule latine commençant par "Si vis pacem" ?Para bellum
27%
Quel nom d'origine turque désigne le commandant d'un navire en argot ?Pacha
23%

Distribution des résultats

Percentile par nombre de réponses

% des personnes avec chaque résultat

Votre développement - résultats

Vous n’avez pas pris ce quiz depuis la dernière actualisation